000 01370cem a22002415a 4500
001 L140397
008 070920r19761676xxk a 0 f eng u
035 _a(Sirsi) u140397
041 0 _aeng
100 1 _aHyde, Ralph
245 0 2 _aA large and accurate map of the City of London
_bichnographically describing all the streets, lanes, alleys, courts, yards, churches, halls and houses etc., actually surveyed and delineated by John Ogilby Esq., His Majesties Cosmographer
_h[cartographic material]
255 _aScale 1:1200
260 _aLympne Castle
_bHarry Margary
_c1976
300 _a8 p. + 21 plates
_bbound
_c45 cm., plates 37 x 49 cm.
500 _aA facsimile of Ogilby's original map of 1676, published in association with Guildhall Library.
500 _aIntroductory notes by Ralph Hyde.
500 _aAccompanied by 'London survey'd, or, and explanation of the large map of London, giving a particular account of the streets and lanes, in the City and Liberties, with the courts yards and alleys, churches, halls and houses of note, in every street and lane...' by John Ogilby and Ralph Morgan, dated 1677 and reproduced in a facsimile in 1976 (see L140400).
651 4 _aLondon
690 _aENVIRONMENTAL AND LAND CONSULTANCY-GEOMATICS-MAPPING AND POSITIONING-CARTOGRAPHY
700 1 _aOgilby, John
700 1 _aMorgan, William
942 _n0
999 _c116864
_d116864